000 00388nam a2200181Ia 4500
005 20250603145639.0
008 250603s9999 xx 000 0 und d
020 _a9789789345946
050 _aKP 104 .S5/
100 _aSmith, I. O
245 0 _aReal property Law
260 _aLagos
260 _bEcowatch
260 _c2013
300 _a864 p
650 _aLagos
942 _cBK
999 _c42445
_d42445